Normal view
MARC view
- Steinbeck, John 1902-1964, The egrapes Of Warth
Entry Topical Term
001 - CONTROL NUMBER
- control field: 5398
003 - CONTROL NUMBER IDENTIFIER
- control field: JO-AjAnu
005 - DATE AND TIME OF LATEST TRANSACTION
- control field: 20230606071157.0
008 - FIXED-LENGTH DATA ELEMENTS
- fixed length control field: 230606|| aca||aabn | a|a d
040 ## - CATALOGING SOURCE
- Original cataloging agency: JO-AjAnu
- Transcribing agency: JO-AjAnu
150 ## - HEADING--TOPICAL TERM
- Topical term or geographic name entry element: Steinbeck, John 1902-1964, The egrapes Of Warth
670 ## - SOURCE DATA FOUND
- Source citation: Work cat.: (JO-AjAnu)2785: STEINBECK, JOHN, author 5397, Steinbeck: The Grapes Of Wrath